LDR 00791naa#a2200169#i#450# 001 RU\\bibl\126371 005 20260702003111.4 011 ## _a1994-5655 100 ## _a20260626b2026####ek#y0rusy0150####ca 102 ## _aRU 200 1# _aИсследование арктических территорий профессором Черновым А. А. _eЖурнальная статья 210 1# _aСыктывкар _cФГБУ ФИЦ «Коми научный центр Уральского отделения Российской академии наук» _d2026 215 ## _a3 с. 608 ## _aЖурнальная статья _2local 675 ## _aГеология. Геологические и геофизические науки. 55 _z 700 #1 _aОседах _gА. Г. 856 4# _akomisc.editorum.ru _u